000 00773cab a2200241 4500
001 ABS54032
008 090401t1995 xxu||||| |||| 00| 0 eng d
035 _a(Sirsi) u7990
041 _aeng
245 _aImportant rulings on nuisance law in London Docklands case
260 _c1995
350 _a0
490 _aENDS Report
_v(249) October 1995, 39-40(2)
520 _aExamines the implications of the judgment in "Hunter and others v Canary Wharf Ltd" on the law of nuisance, including who has the right to bring a nuisance action.
650 _aHUNTER AND OTHERS V CANARY WHARF LTD
650 _aINTERFERENCE
650 _aNUISANCE
650 _aTELEVISION RECEPTION
650 _aTELEVISION SIGNALS
690 _aLAW
942 _n0
948 _c04/03/1997
999 _c4865
_d4865